000 00511nam a22001817a 4500
005 20251108165408.0
008 250721s1999 xx 000 0 ara d
082 1 4 _aم/925.03/بدو
100 1 _aالبدوي، خليل
245 1 0 _aموسوعة العلماء و المخترعين /
264 1 _aعمان :
_bدار أسامه للنشر،
_c1999.
300 _a440ص
650 1 7 _aالتراجم
650 1 7 _aالعلماء
650 1 7 _aالموسوعات
942 _2ddc
_cREF
999 _c26869
_d26869